000 00707cam a22001935a 4500
001 L129462
008 050420s1859 xxk 000 0 eng u
035 _a(Sirsi) u129462
041 _aeng
100 _aBrees, Samuel Charles
245 0 0 _aRailway practice
_ba collection of working plans and practical details of construction in the public works of the most celebrated engineers...
260 _aLondon
_bE and F N Spon
_bR Griffin
_bJ Rimell $1 859
300 _a2 v.
_c26 cm.
505 2 _aV.1 Text -- v.2 Plates
583 0 _aCondition reviewed
_c20120620
_lcondition level 4 and 4, detached boards, missing spine
651 4 _aGreat Britain
_y1707-
690 _aInfrastructure
_96246
942 _n0
999 _c104199
_d104199